Hemodializis kezelés psoriasisban

Elmentve itt :
Bibliográfiai részletek
Szerzők: Husz Sándor
Kiss Éva
Gál György
Dokumentumtípus: Cikk
Megjelent: 1985
Sorozat:BŐRGYÓGYÁSZATI ÉS VENEROLÓGIAI SZEMLE 61
Tárgyszavak:
mtmt:2051869
Online Access:http://publicatio.bibl.u-szeged.hu/33093
LEADER 00696nab a2200217 i 4500
001 publ33093
005 20250516151305.0
008 250516s1985 hu o 000 hun d
022 |a 0006-7768 
024 7 |a 2051869  |2 mtmt 
040 |a SZTE Publicatio Repozitórium  |b hun 
041 |a hun 
100 1 |a Husz Sándor 
245 1 0 |a Hemodializis kezelés psoriasisban  |h [elektronikus dokumentum] /  |c  Husz Sándor 
260 |c 1985 
300 |a 26-28 
490 0 |a BŐRGYÓGYÁSZATI ÉS VENEROLÓGIAI SZEMLE  |v 61 
650 4 |a Általános orvostudomány 
700 0 1 |a Kiss Éva  |e aut 
700 0 1 |a Gál György  |e aut 
856 4 0 |u http://publicatio.bibl.u-szeged.hu/33093/1/aok_klny_500_85.pdf  |z Dokumentum-elérés